Sự trả thù của ta là cái chết của em (Tiểu thuyết trinh thám)
保存先:
| 第一著者: | |
|---|---|
| フォーマット: | 図書 |
| 言語: | Undetermined |
| 出版事項: |
Hà Nội
Văn học
2010
|
| 主題: | |
| タグ: |
タグ追加
タグなし, このレコードへの初めてのタグを付けませんか!
|
| Thư viện lưu trữ: | Trung tâm Học liệu Trường Đại học Cần Thơ |
|---|
| LEADER | 00651nam a2200217Ia 4500 | ||
|---|---|---|---|
| 001 | CTU_153799 | ||
| 008 | 210402s9999 xx 000 0 und d | ||
| 020 | |c 90000 | ||
| 082 | |a 813.54 | ||
| 082 | |b J13 | ||
| 100 | |a Jackson, Lisa | ||
| 245 | 0 | |a Sự trả thù của ta là cái chết của em | |
| 245 | 0 | |b (Tiểu thuyết trinh thám) | |
| 245 | 0 | |c Lisa Jackson; Nguyễn Minh Châu dịch | |
| 260 | |a Hà Nội | ||
| 260 | |b Văn học | ||
| 260 | |c 2010 | ||
| 650 | |a American literature,Murder,Văn học Mỹ | ||
| 650 | |x fiction | ||
| 904 | |i Nguyên | ||
| 980 | |a Trung tâm Học liệu Trường Đại học Cần Thơ | ||